Cities by letter-G - Statistics

General Stats
  • This quiz has been taken 36 times
  • The average score is 26 of 50
Answer Stats
Hint City % Correct
24) Largest city in Scotland Glasgow
97%
37) The Great Pyramids are located here Giza
94%
28) Swiss city on the French border with a lake ofthe same name Geneva
89%
27) Coastal city on the Baltic Sea of Poland Gdansk
86%
8) Texas coastal city struck by a hurricanein 1900 Galveston
83%
40) Palestinian territory Gaza
83%
42) Chinese megacity north of Hong Kong on thePearl River Guangzhou
83%
26) 2nd largest city in Sweden Gothenburg
81%
25) Capital of Italys Liguria region Genoa
78%
21) Capital of Guyana Georgetown
78%
12) Home to NFLs' Packers Green Bay
78%
20) Historic Mexican city, the capital of Jalisco state Guadalajara
78%
38) Capital of Botswana Gaborone
72%
31) Dutch city that is also the birthplace of the famous cheese Gouda
72%
14) Michael Jackson was from this northernIndiana city Gary
69%
1) Home to the University of Florida Gainesville
67%
18) Type of Christmas decoration or a city in Texas Garland
67%
30) Medieval Belgian city on the Leie and Scheldt rivers Ghent
67%
29) Irish port city on the river Corrib Galway
64%
39) Capital of Burundi Gitega
64%
3) This Michigan city is often calledthe Beer capital of the US Grand Rapids
64%
46) Coastal city south of Brisbane in Queensland, Australia Gold Coast
61%
33) Capital of the Styria region of Austria Graz
61%
4) 3rd largest city in North Carolina Greensboro
58%
22) This port city is the largest in Ecuador Guayaquil
58%
6) 6th most populous city in SouthCarolina Greenville
50%
13) This coastal city is the 2nd largest inMississippi Gulfport
50%
2) The Arizona Cardinals play in thisPhoenix suburb Glendale
47%
32) Historic city in Spains' Andalusia region, home to the Alhambra Granada
47%
16) Affluent town in Connecticut on the New York border Greenwich
47%
41) Capital of Russias' Chechnya region Grozny
47%
7) This TN city is the gateway to theGreat Smoky Mountains Gatlinburg
44%
49) Historic city in Turkey near the Syrian border, calledthe culinary capital of the country Gaziantep
44%
36) Dutch city known for its university and Gothic architecture Groningen
44%
23) Capital of the Goias state of Brazil Goiania
39%
43) City in SW Korea along the Han river Gwangju
36%
17) North Dakota city on the Minnesota border Grand Forks
33%
5) Massachusetts port town where theAndrea Gail made its ill fated voyage Gloucester
31%
35) Historic city in northwest Hungary, halfway betweenBudapest and Vienna Gyor
25%
9) Western New Mexico city on historicroute 66 Gallup
22%
47) Historic city southwest of Melbourne, Australia Geelong
22%
10) Texas city in the suburbs of greater Dallas Grand Prairie
22%
15) Known as the hub city of Colorado wine country Grand Junction
19%
50) 2nd largest city in Azerbaijan Ganja
17%
11) Phoenix suburb where the Cleveland Guardians play spring training Goodyear
17%
45) City on the Danube in eastern Romanias' Moldavia region Galati
11%
48) Ancient trade city in Mali Gao
8%
34) Swiss village at the foothills of the Jungfrau range Grindelwald
8%
44) Historic city in the Punjab region of Pakistan Gujrat
8%
19) Affluent town, a suburb of Hartford, CT Glastonbury
6%
No matching quizzes found
Score Distribution
Percent of People with Each Score
Percentile by Number Answered
Your Score History
You have not taken this quiz